| 000 | 00624nam a2200181 4500 | ||
|---|---|---|---|
| 001 | 148264 | ||
| 003 | ES-MaACL | ||
| 007 | t| | ||
| 008 | 070214s1945 xxk r ||||1| eng d | ||
| 100 | 1 |
_aStarling, Ernst Heinrich. _9107936 |
|
| 245 | 1 | 0 |
_aPrinciples of human physiology / _cby Ernst Heinrich Starling ; the capter of special senses by H. Hartridge. |
| 250 |
_a9ª. ed. _bby Charles Lovatt Evans. |
||
| 260 |
_aLondon : _bA. Churchil, _c1945. |
||
| 300 |
_aX, 1155 p., 111 lám. : _bil. ; _c26 cm. |
||
| 700 | 1 |
_aHartridge, H. _962001 |
|
| 700 | 1 |
_aLovatt Evans, Charles. _974345 |
|
| 852 |
_aES-MaACL _jE-1909 _bR.22736 |
||
| 999 |
_c148264 _d148264 |
||